000 00217 a2200097 4500
001 1595
100 _aDraffing, J.Q
245 _aStalics and strength of materials
260 _a
_bRonald press
_c
090 _c1133
_d1133
942 _aNUST-CAE
_cM
_c1481
999 _c236668
_d236668